000 00768cam a22002533a 4500
001 29231
003 PGUSA
005 20140828083631.0
008 090627s2009||||xxu|||||s|||||000 | eng d
040 _aPGUSA
_beng
042 _adc
050 4 _aPS
100 1 _aNoah, M. M.
_q(Mordecai Manuel),
_d1785-1851
245 1 0 _aShe Would Be a Soldier :
_bThe Plains of Chippewa
_h[electronic resource] /
_cM. M. Noah
260 _bProject Gutenberg,
_c2009
506 _aPublic domain in the USA.
516 _aElectronic text
653 _aAmerican drama
653 _aChippewa, Battle of, Ont., 1814 -- Drama
700 1 _aMoses, Montrose Jonas,
_d1878-1934
830 0 _aProject Gutenberg
_v29231
856 4 0 _uhttp://www.gutenberg.org/ebooks/29231
942 _cEB
999 _c258486
_d258486